Home Print Resources E-Books E-Journals IIMT Lecture Series Library Membership Form Book Recommendation Form Campus Tour Take AdmissionAbout Us Contact Us

BRAIN RE-ENGINEERING (Record no. 1318)

000 -LEADER
fixed length control field 00367nam a2200157Ia 4500
003 - CONTROL NUMBER IDENTIFIER
control field OSt
005 - DATE AND TIME OF LATEST TRANSACTION
control field 20240311111243.0
008 - FIXED-LENGTH DATA ELEMENTS--GENERAL INFORMATION
fixed length control field 170523s9999 xx 000 0 und d
020 ## - INTERNATIONAL STANDARD BOOK NUMBER
International Standard Book Number 978-0761997207
040 ## - CATALOGING SOURCE
Transcribing agency iimtu meerut
100 ## - MAIN ENTRY--PERSONAL NAME
Personal name SRINIVASAN- BALASUBRAMANIM
245 #0 - TITLE STATEMENT
Title BRAIN RE-ENGINEERING
260 ## - PUBLICATION, DISTRIBUTION, ETC.
Name of publisher, distributor, etc. RESPONSE BOOKS
260 ## - PUBLICATION, DISTRIBUTION, ETC.
Date of publication, distribution, etc. 2003
942 ## - ADDED ENTRY ELEMENTS (KOHA)
Source of classification or shelving scheme
Koha item type Book Bank
Holdings
Withdrawn status Lost status Source of classification or shelving scheme Damaged status Not for loan Home library Current library Date acquired Total Checkouts Barcode Date last seen Price effective from Koha item type Public note
          IIMT University Central Library Meerut IIMT University Central Library Meerut 05/30/2017   01-B-6001 05/30/2017 05/30/2017 Book Bank management departmental library books update march 2019
          IIMT University Central Library Meerut IIMT University Central Library Meerut 05/30/2017   01-B-6002 05/30/2017 05/30/2017 Book Bank  
          IIMT University Central Library Meerut IIMT University Central Library Meerut 05/30/2017   01-B-6003 05/30/2017 05/30/2017 Book Bank  
          IIMT University Central Library Meerut IIMT University Central Library Meerut 05/30/2017   01-B-6004 05/30/2017 05/30/2017 Reference Book  
IIMT, Central Library. All Rights Reserved IIMT,UNIVERSITY © 2023
Implemented and Customised by I CLOUDE EMS
You Are OPAC Visitor No
free web counter

Powered by Koha